| 000 | 00450 a2200157 4500 | ||
|---|---|---|---|
| 005 | 20250625163840.0 | ||
| 020 | _a978-0-07-312368-4 | ||
| 082 | _a658.4'038[dc22] HAA | ||
| 100 | _aHAAG, S. | ||
| 245 | _aBusiness Driven Technology. | ||
| 250 | _a2nd Ed. | ||
| 260 |
_aNew York, _bMc Graw-Hill Irwin, _c2008. |
||
| 300 |
_axxxvii, 610p.: ill.; figure, picture, table _bGlossary & Index _c28cm |
||
| 700 | _aBALTZAN, P., PHILLIPS, A. | ||
| 942 |
_2ddc _cBKS |
||
| 999 |
_c5145 _d5145 |
||